Human communication disorders : (رقم التسجيلة. 34986)

تفاصيل مارك
000 -الفاتح
حقل البيانات ثابتة الطول 00760nam a22002297a 4500
003 - محدد رقم الضبط
رقم الضبط OSt
005 - وقت وتاريخ اخر تعامل مع التسجيلة
رقم الضبط 20150408114217.0
008 - عناصر البيانات ثابتة الطول - معلومات عامة
حقل البيانات ثابتة الطول 140513s2014 enka f b 001 0 eng d
020 ## - الرقم الدولى المعيارى للكتب
الرقم الدولى المعيارى للكتاب 9781292042084
020 ## - الرقم الدولى المعيارى للكتب
الرقم الدولى المعيارى للكتاب 1292042087
040 ## - مصدر الفهرسة
وكالة الفهرسة الأصلية Ma-Un
082 04 - رقم تصنيف ديوى العشرى
رقم الطبعة 22
رقم التصنيف 362.196855
رقم المادة HUC
245 00 - بيان العنوان
العنوان Human communication disorders :
بقية العنوان An introduction /
بيان المسئوليه,etc [edited by] Noma B. Anderson, George H. Shames.
250 ## - بيان الطبعة
بيان الطبعة 8th ed.
260 ## - PUBLICATION, DISTRIBUTION, ETC. (IMPRINT)
مكان الناشر او الموزع Edinburgh, England :
اسم الناشر او الموزع Pearson Education Limited,
تاريخ النشر أو التوزيع 2014.
300 ## - الوصف المادى
التعداد ii, 518 p. :
تفاصيل ماديه اخرى للوعاء ill. ;
أبعاد الوعاء 28 cm.
504 ## - تبصرة ببليوجرافية
تبصرة ببليوجرافية,الخ Includes bibliographical references and index.
650 ## - المدخل الاضافى بالموضوع-مصطلح موضوعى
مصطلح موضوعي أو اسم جغرافي كعنصر مدخل Communicative disorders
9 (RLIN) 44670
700 1# - المدخل الاضافى - اسم شخصى
الإسم الشخصى Anderson, Noma B.,
التواريخ المصاحبة للاسم 1949-
9 (RLIN) 44900
700 1# - المدخل الاضافى - اسم شخصى
الإسم الشخصى Shames, George H.,
التواريخ المصاحبة للاسم 1926-
9 (RLIN) 44901
942 ## - عناصر المدخل الإضافي( كوها)
مصدر التصنيف او مخطط الترفيف Dewey Decimal Classification
Koha [default] item type كتاب
المقتنيات
حالة الفقد نموذج السعر الفعال حالة تلف ليس للاعارة رقم الطلب رقم النسخة تاريخ الاكتساب مصدر التزويد الموقع الحالي الباركود الفرع الرئيسي Date last seen نوع المادة فى نظام كوها مصدر التصنيف او خطة الترفيف Total Checkouts
  2014-05-13   Not For Loan 362.196855 HUC 1 2014-05-13 دار العرب المكتبة المركزية بالمجمعة (CL) 00211220 المكتبة المركزية بالمجمعة (CL) 2014-05-13 كتاب Dewey Decimal Classification  
  2014-05-13     362.196855 HUC 2 2014-05-13 دار العرب المكتبة المركزية بالمجمعة (CL) 00211221 المكتبة المركزية بالمجمعة (CL) 2014-05-13 كتاب Dewey Decimal Classification  
  2014-05-13     362.196855 HUC 3 2014-05-13 دار العرب المكتبة المركزية بالمجمعة (CL) 00211222 المكتبة المركزية بالمجمعة (CL) 2014-05-13 كتاب Dewey Decimal Classification